LEADER 07104nam 22008055 450 001 996546854103316 005 20230810132137.0 010 $a3-031-40292-8 024 7 $a10.1007/978-3-031-40292-0 035 $a(CKB)27965525700041 035 $a(DE-He213)978-3-031-40292-0 035 $a(PPN)27226007X 035 $a(MiAaPQ)EBC31093932 035 $a(Au-PeEL)EBL31093932 035 $a(EXLCZ)9927965525700041 100 $a20230803d2023 u| 0 101 0 $aeng 135 $aurnn|008mamaa 181 $ctxt$2rdacontent 182 $cc$2rdamedia 183 $acr$2rdacarrier 200 10$aKnowledge Science, Engineering and Management$b[electronic resource] $e16th International Conference, KSEM 2023, Guangzhou, China, August 16?18, 2023, Proceedings, Part IV /$fedited by Zhi Jin, Yuncheng Jiang, Robert Andrei Buchmann, Yaxin Bi, Ana-Maria Ghiran, Wenjun Ma 205 $a1st ed. 2023. 210 1$aCham :$cSpringer Nature Switzerland :$cImprint: Springer,$d2023. 215 $a1 online resource (XXIV, 471 p. 124 illus., 112 illus. in color.) 225 1 $aLecture Notes in Artificial Intelligence,$x2945-9141 ;$v14120 311 $a9783031402913 327 $aEmerging technologies for Knowledge science, engineering and management -- Federated Prompting and Chain-of-Thought Reasoning for Improving LLMs Answering -- Advancing Domain Adaptation of BERT by Learning Domain Term Semantics -- Deep Reinforcement Learning for Group-Aware Robot Navigation in Crowds -- An Enhanced Distributed Algorithm for Area Skyline Computation based on Apache Spark -- TCMCoRep: Traditional Chinese Medicine data mining with Contrastive Graph Representation Learning -- Local-Global Fusion Augmented Graph Contrastive Learning Based on Generative Models -- PRACM: Predictive Rewards for Actor-Critic with Mixing Function in Multi-Agent Reinforcement Learning -- A Cybersecurity Knowledge Graph Completion Method for Scalable Scenarios -- Research on remote sensing image classification based on Transfer learning and Data Augmentation -- Multivariate Long-Term Traffic Forecasting with Graph Convolutional Network and Historical Attention Mechanism -- Multi-hop Reading Comprehension Learning Method Based on Answer Contrastive Learning -- Importance-based Neuron Selective Distillation for Interference Mitigation in Multilingual Neural Machine Translation -- Are GPT Embeddings Useful for Ads and Recommendation? -- Modal interaction-enhanced Prompt Learning by transformer decoder for Vision-Language Models -- Unveiling Cybersecurity Threats from Online Chat Groups: A Triple Extraction Approach -- KSRL: Knowledge Selection based Reinforcement Learning for Knowledge-Grounded Dialogue -- Prototype-Augmented Contrastive Learning for Few-shot Unsupervised Domain Adaptation -- Style Augmentation and Domain-aware Parametric Contrastive Learning for Domain Generalization -- Recent Progress on Text Summarisation Based on BERT and GPT -- Ensemble Strategy Based on Deep Reinforcement Learning for Portfolio Optimization -- A Legal Multi-Choice Question Answering Model Based on BERT and Attention -- Offline Reinforcement Learning with Diffusion-Based Behavior Cloning Term -- Evolutionary Verbalizer Search for Prompt-based Few Shot Text Classification -- Graph Contrastive Learning Method with Sample Disparity Constraint and Feature Structure Graph for Node Classification -- Learning Category Discriminability for Active Domain Adaptation -- Multi-Level Contrastive Learning for Commonsense Question Answering -- Efficient Hash Coding for Image Retrieval based on Improved Center Generation and Contrastive Pre-training Knowledge Model -- Univarite Time Series Forecasting via Interactive Learning -- Task Inference for Offline Meta Reinforcement Learning via Latent Shared Knowledge -- A Quantitative Spectra Analysis Framework Combining Mixup and Band Attention for Predicting Soluble Solid Content of Blueberries -- Contextualized Hybrid Prompt-Tuning for Generation-Based Event Extraction -- udPINNs: An Enhanced PDE Solving Algorithm Incorporating Domain of Dependence Knowledge -- Joint Community and Structural Hole Spanner Detection via Graph Contrastive Learning -- A Reinforcement Learning-based Approach for Continuous Knowledge Graph Construction -- A Multifactorial Evolutionary Algorithm based on Model Knowledge Transfer -- Knowledge Leadership, AI Technology Adoption and Big Data Application Ability -- RFLSem: A lightweight model for textual sentiment analysis. 330 $aThis volume set constitutes the refereed proceedings of the 16th International Conference on Knowledge Science, Engineering and Management, KSEM 2023, which was held in Guangzhou, China, during August 16?18, 2023. The 114 full papers and 30 short papers included in this book were carefully reviewed and selected from 395 submissions. They were organized in topical sections as follows: knowledge science with learning and AI; knowledge engineering research and applications; knowledge management systems; and emerging technologies for knowledge science, engineering and management. . 410 0$aLecture Notes in Artificial Intelligence,$x2945-9141 ;$v14120 606 $aArtificial intelligence 606 $aComputer engineering 606 $aComputer networks 606 $aComputers 606 $aInformation technology$xManagement 606 $aSocial sciences$xData processing 606 $aApplication software 606 $aArtificial Intelligence 606 $aComputer Engineering and Networks 606 $aComputing Milieux 606 $aComputer Application in Administrative Data Processing 606 $aComputer Application in Social and Behavioral Sciences 606 $aComputer and Information Systems Applications 615 0$aArtificial intelligence. 615 0$aComputer engineering. 615 0$aComputer networks. 615 0$aComputers. 615 0$aInformation technology$xManagement. 615 0$aSocial sciences$xData processing. 615 0$aApplication software. 615 14$aArtificial Intelligence. 615 24$aComputer Engineering and Networks. 615 24$aComputing Milieux. 615 24$aComputer Application in Administrative Data Processing. 615 24$aComputer Application in Social and Behavioral Sciences. 615 24$aComputer and Information Systems Applications. 676 $a006.3 702 $aJin$b Zhi$4edt$4http://id.loc.gov/vocabulary/relators/edt 702 $aJiang$b Yuncheng$4edt$4http://id.loc.gov/vocabulary/relators/edt 702 $aBuchmann$b Robert Andrei$4edt$4http://id.loc.gov/vocabulary/relators/edt 702 $aBi$b Yaxin$4edt$4http://id.loc.gov/vocabulary/relators/edt 702 $aGhiran$b Ana-Maria$4edt$4http://id.loc.gov/vocabulary/relators/edt 702 $aMa$b Wenjun$4edt$4http://id.loc.gov/vocabulary/relators/edt 801 0$bMiAaPQ 801 1$bMiAaPQ 801 2$bMiAaPQ 906 $aBOOK 912 $a996546854103316 996 $aKnowledge Science, Engineering and Management$9772454 997 $aUNISA LEADER 03657oas 2201501 a 450 001 9910134149003321 005 20251105213014.0 011 $a1475-6064 035 $a(DE-599)ZDB1474602-5 035 $a(DE-599)1474602-5 035 $a(OCoLC)49896882 035 $a(CONSER) 2005237200 035 $a(CKB)954921333017 035 $a(EXLCZ)99954921333017 100 $a20020531a19699999 sy a 101 0 $aeng 135 $aurmnu|||||||| 181 $ctxt$2rdacontent 182 $cc$2rdamedia 183 $acr$2rdacarrier 200 10$aAdvances in applied probability 210 $aSheffield, England $cApplied Probability Trust$d1969- 300 $aRefereed/Peer-reviewed 300 $aTitle from title screen (JSTOR, viewed Aug. 10, 2005). 311 08$a0001-8678 606 $aProbabilities$vPeriodicals 606 $aStatistics 606 $aMathematics 606 $aProbabilities 606 $aStatistics as Topic 606 $aStatistics as Topic$vPeriodicals 606 $aMathematics 606 $aProbability 606 $aStatistics 606 $aMathematics$vPeriodicals 606 $aProbability$vPeriodicals 606 $aStatistics$vPeriodicals 606 $aProbabilite?s$vPe?riodiques 606 $aStatistiques 606 $aMathe?matiques 606 $aProbabilite?s 606 $aprobability$2aat 606 $aStatistics$2fast$3(OCoLC)fst01132103 606 $aMathematics$2fast$3(OCoLC)fst01012163 606 $aProbabilities$2fast$3(OCoLC)fst01077737 606 $aWaarschijnlijkheidstheorie$2gtt 606 $aToepassingen$2gtt 608 $aPeriodical. 608 $aperiodicals.$2aat 608 $aPeriodicals.$2fast 608 $aPeriodicals.$2lcgft 608 $aPe?riodiques.$2rvmgf 615 0$aProbabilities 615 0$aStatistics. 615 0$aMathematics. 615 0$aProbabilities. 615 2$aStatistics as Topic. 615 2$aStatistics as Topic 615 2$aMathematics. 615 2$aProbability. 615 2$aStatistics. 615 2$aMathematics 615 2$aProbability 615 2$aStatistics 615 6$aProbabilite?s 615 6$aStatistiques. 615 6$aMathe?matiques. 615 6$aProbabilite?s. 615 7$aprobability. 615 7$aStatistics. 615 7$aMathematics. 615 7$aProbabilities. 615 17$aWaarschijnlijkheidstheorie. 615 17$aToepassingen. 712 02$aApplied Probability Trust 801 0$bTXH 801 1$bTXH 801 2$bOCLCQ 801 2$bEYM 801 2$bHUL 801 2$bMUQ 801 2$bLGG 801 2$bOCLCQ 801 2$bOCLCO 801 2$bOCLCQ 801 2$bOCLCF 801 2$bOCLCO 801 2$bOCLCE 801 2$bOCLCQ 801 2$bOCLCO 801 2$bOCLCQ 801 2$bDEBBG 801 2$bVT2 801 2$bOCLCO 801 2$bOCLCA 801 2$bOCLCQ 801 2$bDGU 801 2$bUEJ 801 2$bOCLCQ 801 2$bNLE 801 2$bBUF 801 2$bU3W 801 2$bAU@ 801 2$bOCLCO 801 2$bUKMGB 801 2$bOCLCA 801 2$bOCL 801 2$bSFB 801 2$bOCLCQ 801 2$bCNMTR 801 2$bDLC 801 2$bOCLCO 801 2$bUKSSU 801 2$bS2H 801 2$bOCLCO 801 2$bOCLCQ 801 2$bOCL 801 2$bUAB 801 2$bNTG 801 2$bORU 801 2$bBWN 801 2$bIOY 801 2$bOCLCL 801 2$bOCLCQ 906 $aJOURNAL 912 $a9910134149003321 996 $aAdvances in applied probability$9802508 997 $aUNINA LEADER 02874nam 22006855 450 001 9910299493203321 005 20251230070625.0 010 $a9783319012735 010 $a3319012738 024 7 $a10.1007/978-3-319-01273-5 035 $a(OCoLC)866940917 035 $a(MiFhGG)GVRL6XEJ 035 $a(CKB)3710000000074637 035 $a(MiAaPQ)EBC1592563 035 $a(MiFhGG)9783319012735 035 $a(DE-He213)978-3-319-01273-5 035 $a(EXLCZ)993710000000074637 100 $a20131115d2014 u| 0 101 0 $aeng 135 $aurun|---uuuua 181 $ctxt 182 $cc 183 $acr 200 10$aMechatronics and Automatic Control Systems $eProceedings of the 2013 International Conference on Mechatronics and Automatic Control Systems (ICMS2013) /$fedited by Wego Wang 205 $a1st ed. 2014. 210 1$aCham :$cSpringer International Publishing :$cImprint: Springer,$d2014. 215 $a1 online resource (2 volumes (xix, 1079 pages)) $cillustrations (some color) 225 1 $aLecture Notes in Electrical Engineering,$x1876-1119 ;$v237 300 $a"ISSN: 1876-1100." 311 08$a9783319012728 311 08$a331901272X 320 $aIncludes bibliographical references and index. 327 $aPart I: Advanced Mechanics and Mechatronics -- Part II: Intelligent Systems and Algorithms -- Part III: Manufacturing Engineering and Engineering Systems -- Part IV: Control Theory and Application -- Part V: Data Mining and Application -- Part VI: Sensing Control Theory -- Part VII: Signal Processing and Control. 330 $aThis book examines mechatronics and automatic control systems. The book covers important emerging topics in signal processing, control theory, sensors, mechanic manufacturing systems and automation. The book presents papers from the 2013 International Conference on Mechatronics and Automatic Control Systems held in Hangzhou, China on August 10-11, 2013. . 410 0$aLecture Notes in Electrical Engineering,$x1876-1119 ;$v237 606 $aAutomatic control 606 $aRobotics 606 $aAutomation 606 $aSignal processing 606 $aMechanical engineering 606 $aControl, Robotics, Automation 606 $aSignal, Speech and Image Processing 606 $aMechanical Engineering 615 0$aAutomatic control. 615 0$aRobotics. 615 0$aAutomation. 615 0$aSignal processing. 615 0$aMechanical engineering. 615 14$aControl, Robotics, Automation. 615 24$aSignal, Speech and Image Processing. 615 24$aMechanical Engineering. 676 $a621 676 $a629.8 702 $aWang$b Wego 801 0$bMiFhGG 801 1$bMiFhGG 906 $aBOOK 912 $a9910299493203321 996 $aMechatronics and Automatic Control Systems$91921647 997 $aUNINA